| 000 | 00462nam a2200193Ia 4500 | ||
|---|---|---|---|
| 001 | 072683 | ||
| 003 | YMCAF | ||
| 005 | 20230512160811.0 | ||
| 008 | 100717s9999 ||||||||||||||||| ||und|d | ||
| 024 | _a72683 | ||
| 035 | _a12146 | ||
| 040 |
_aYMCAF _beng _cIN-KoLT |
||
| 041 | _aeng | ||
| 082 |
_a004.160 _b288 GOV |
||
| 100 | _aGovindarajalu, G B | ||
| 245 | 0 |
_aIBM P C AND CLONES _bhardware, troubleshooting and maintenance |
|
| 260 | _bTMH | ||
| 942 |
_2ddc _cBK |
||
| 999 |
_c6541 _d6541 |
||